[Event "Yerevan zt"]
[Site "Yerevan"]
[Date "1982.??.??"]
[Round "12"]
[White "Romanishin, Oleg M"]
[Black "Vaganian, Rafael A"]
[Result "1-0"]
[WhiteElo "2580"]
[BlackElo "2550"]

1.Nf3 Nf6 2.d4 g6 3.c4 Bg7 4.g3 O-O 5.Bg2 d6 6.O-O Nc6 7.Nc3 a6 8.b3 Rb8
9.Bb2 b5 10.cxb5 axb5 11.Rc1 b4 12.Nb1 Na7 13.Ne1 Bb7 14.Bxb7 Rxb7 15.Nd3 Qd7
16.e3 Qf5 17.Qe2 Ra8 18.Rc4 Qa5 19.Nd2 Nd5 20.Qf3 e6 21.e4 Nb6 22.Rxb4 Nc6
23.Nc4 Qxa2 24.d5 exd5 25.exd5 Nxb4 26.Nxb4 Qa7 27.Nc6 Qa6 28.Nxb6 Bxb2 29.Nxa8 Qxa8
30.Re1 Kg7 31.b4 Bf6 32.Kg2 Rb6 33.h4 h5 34.Re4 Qa1 35.Re8 Ra6 36.Na5 Qd4
37.Rb8 Qd2 38.Rb7 Ra8 39.Nc4 Qe1 40.Na5 Re8 41.Nc6 Bxh4 42.Rxc7 Bf6 43.Nd4 Qe5
44.Ne6+ Kg8 45.b5 fxe6 46.b6 exd5 47.b7 Qe6 48.Qd3 Bg7 49.Qc2 Kh7 50.Rc8 Qe1
51.b8=Q Re2 52.Qxe2 Qxe2 53.Re8 Qg4 54.Qxd6 Qf5 55.Re7 Kh6 56.Qd7 Qf6 57.Qc7 Kh7
58.Rd7 Qd4 59.Qf4 Qxf4 60.gxf4 d4 61.Rd6 Bf8 62.Rxd4 Kg7 63.Kf3 Ba3 64.Ra4 Bb2
65.Ke4 Bc3 66.Ra7+ Kf6 67.Ra6+ Kf7 68.Rc6 Be1 69.Ke5 Bxf2 70.Rc7+ Ke8 71.Rg7 h4
72.Rxg6 Kf7 73.Kf5 Bg3 74.Rb6 Ke7 75.Rb3 Kf7 76.Rb7+ Kf8 77.Kg5 Kg8 78.Rb3 Kf7
79.f5  1-0

[Event "Yerevan"]
[Site "Yerevan"]
[Date "1982.??.??"]
[Round "13"]
[White "Sturua, Zurab"]
[Black "Georgiev, Krum"]
[Result "1/2-1/2"]
[WhiteElo "2440"]
[BlackElo "2465"]

1.d4 Nf6 2.c4 g6 3.Nf3 Bg7 4.g3 O-O 5.Bg2 d6 6.Nc3 c6 7.O-O a6 8.e4 Nfd7
9.Be3 b5 10.cxb5 axb5 11.b4 Nb6 12.Nd2 e5 13.d5 Na4 14.Ndb1 Bb7 15.Nxa4 Rxa4
16.a3 cxd5 17.Nc3 d4 18.Nxa4 bxa4 19.Bd2 Qd7 20.Rc1 Na6 21.Qc2 Rc8 22.Qd3 Nc7
23.Rc2 Ra8 24.Rfc1 Ne6 25.Bh3 Qe8 26.Bxe6 Qxe6 27.Rc7 Bc8 28.Qb5 Bf8 29.Qc6 Ra6
30.Qc4 Qxc4 31.R1xc4 Be6 32.R4c6 Ra8 33.b5 Rb8 34.b6 d5 35.b7 h5 36.Bh6 d3
37.Be3 dxe4 38.Rxe6 fxe6 39.Kf1 Bd6 40.Rd7 Bxa3 41.Ba7 e3 42.fxe3 Rf8+ 43.Kg2 Bb2
44.Rxd3  1/2-1/2

[Event "Valby SK"]
[Site "Valby"]
[Date "1983.05.20"]
[Round "7"]
[White "Lengyel, Levente"]
[Black "Hvenekilde, Jorgen"]
[Result "1/2-1/2"]
[WhiteElo "2415"]
[BlackElo "2260"]

1.d4 Nf6 2.c4 g6 3.Nf3 Bg7 4.g3 O-O 5.Bg2 d6 6.Nc3 Nc6 7.d5 Na5 8.b3 c6 9.Bb2 Bd7
10.O-O a6 11.Nd2 cxd5 12.cxd5 Rc8 13.Rc1 b5  1/2-1/2

[Event "Aarhus"]
[Site "Aarhus"]
[Date "1983.??.??"]
[Round "7"]
[White "Helmers, Knut J"]
[Black "Jansa, Vlastimil"]
[Result "1/2-1/2"]
[WhiteElo "2465"]
[BlackElo "2440"]

1.d4 Nf6 2.Nf3 g6 3.g3 Bg7 4.Bg2 O-O 5.c4 d6 6.O-O c6 7.Nc3 Qa5 8.h3 Be6
9.d5 cxd5 10.Nd4 dxc4 11.Bxb7 Na6 12.Nxe6 fxe6 13.Qa4 Qxa4 14.Nxa4 Nb4 15.Bxa8 Rxa8
16.Bd2 Rb8 17.Rfc1 Ne4 18.Bxb4 Rxb4 19.Nc3 Nc5 20.Rab1 d5 21.b3 cxb3 22.axb3 Nxb3
23.Na2 Nxc1 24.Nxb4 Nxe2+ 25.Kf1 Nd4 26.Ra1 Nc6 27.Ra4 Nxb4 28.Rxb4 a5 29.Rb6 Kf7
30.Ke2 Bc3 31.Ra6 g5 32.g4 Kf6 33.Rc6 Bb4 34.Ra6 Ke5 35.Ke3 Bc3 36.Kd3 Be1
37.Ke2 Bb4 38.Ke3 Kf6 39.Kd3 Kf7 40.Kd4 Be1 41.f3 Bb4 42.Ra8 Kg7 43.Ra6 Kf6
44.Ra8 Be1 45.Ra6  1/2-1/2

[Event "Banja Luka"]
[Site "Banja Luka"]
[Date "1983.??.??"]
[Round "9"]
[White "Vukic, Milan"]
[Black "Filipovic, Branko"]
[Result "1-0"]
[WhiteElo "2465"]
[BlackElo "2335"]

1.d4 Nf6 2.c4 g6 3.Nf3 Bg7 4.g3 O-O 5.Bg2 d6 6.O-O Nc6 7.Nc3 a6 8.d5 Na5
9.b3 Nxd5 10.Nxd5 Bxa1 11.Bd2 Nxc4 12.bxc4 Bg7 13.Bg5 f6 14.Be3 e6 15.Nc3 Qe7
16.Qb3 Rb8 17.a4 f5 18.Ba7 Ra8 19.Bd4 Bxd4 20.Nxd4 c5 21.Nf3 Qc7 22.Rb1 Rd8
23.e4 Rb8 24.Qb6 Qxb6 25.Rxb6 Kf8 26.a5 Ke7 27.e5 g5 28.Na4 g4 29.exd6+ Rxd6
30.Ne5 Rxb6 31.Nxb6 Kd6 32.Nd3 e5 33.Bd5 e4 34.Nf4 Bd7 35.Kf1 Bc6 36.Ke2 h5
37.Ke3 Rh8 38.Ng6 Rh6 39.Bxc6 bxc6 40.Nh4 Ke6 41.Na4 Rh7 42.Nxc5+ Kd6 43.Kd4 Rf7
44.Ng2 Rf8 45.Nxa6 h4 46.Nc5 h3 47.Ne3 f4 48.Nxe4+ Kc7 49.Nxg4 Rg8 50.Nef6 fxg3
51.fxg3 Rg5 52.Nf2 Rxa5 53.Nxh3 Ra2 54.Ng4 Kd6 55.Nhf2 c5+ 56.Ke3 Ra3+ 57.Kf4 Ra4
58.Ne4+  1-0

[Event "Bratislava"]
[Site "Bratislava"]
[Date "1983.??.??"]
[Round "9"]
[White "Smejkal, Jan"]
[Black "Sznapik, Aleksander"]
[Result "1-0"]
[WhiteElo "2560"]
[BlackElo "2425"]

1.Nf3 Nf6 2.c4 g6 3.d4 Bg7 4.g3 O-O 5.Bg2 d6 6.Nc3 Nc6 7.O-O a6 8.h3 Rb8
9.Bg5 b5 10.cxb5 axb5 11.Rc1 Bd7 12.d5 Na5 13.b4 Nc4 14.Nd4 h6 15.Bxf6 Bxf6
16.e3 Qc8 17.Qe2 Bxd4 18.exd4 Bxh3 19.Bxh3 Qxh3 20.a4 Nb6 21.a5 Nd7 22.Qxe7 Rfe8
23.Qh4 Qxh4 24.gxh4 Nf6 25.Rfe1 Rec8 26.Re3 c5 27.dxc6 Rxc6 28.Ra1 Ra6 29.Ra3 Kg7
30.Rf3 Rc8 31.Rb3 Rb8 32.Ra3 Rc8 33.Rb3 Rb8 34.Kf1 h5 35.Ke2 d5 36.Kf1 Ng4
37.Kg2 Nh6 38.Nxd5 Rd6 39.Nc7 Nf5 40.Rxf5 gxf5 41.a6 Rc8  1-0

[Event "Bratislava"]
[Site "Bratislava"]
[Date "1983.??.??"]
[Round "11"]
[White "Plachetka, Jan"]
[Black "Portisch, Ferenc"]
[Result "1/2-1/2"]
[WhiteElo "2465"]
[BlackElo "2435"]

1.d4 Nf6 2.c4 g6 3.Nf3 Bg7 4.g3 O-O 5.Bg2 d6 6.O-O Nbd7 7.Nc3 e5 8.e4 c6
9.b3 Re8 10.h3 exd4 11.Nxd4 Nc5 12.Re1 Qa5 13.Bd2 Nfd7 14.Nde2 Ne5 15.Na4 Qd8
16.Nxc5 dxc5 17.Bc3 Nd3 18.Rf1 f5 19.Bxg7 Kxg7 20.exf5 Bxf5 21.g4 Nb2 22.Qxd8 Raxd8
23.Ng3 Bd3 24.Rfe1 a5 25.a4 Bc2 26.Rxe8 Rxe8 27.Rc1 Bd3 28.h4 h6 29.g5 hxg5
30.hxg5 Kf7 31.Bh3 Rd8 32.Kg2 Rd4 33.Bc8 b6 34.Re1 b5 35.cxb5 cxb5 36.axb5 Bxb5
37.Bb7 Nd3 38.Ra1 a4 39.bxa4 Bxa4 40.Ne4 Nf4+ 41.Kf3 Ne6  1/2-1/2

[Event "Elekes mem-A"]
[Site "Budapest"]
[Date "1983.??.??"]
[Round "?"]
[White "Navarovszky, Laszlo"]
[Black "Utasi, Tamas"]
[Result "1-0"]
[WhiteElo "2355"]
[BlackElo "2340"]

1.d4 Nf6 2.c4 g6 3.Nf3 Bg7 4.g3 O-O 5.Bg2 d6 6.O-O Nc6 7.Nc3 a6 8.d5 Na5
9.b3 c5 10.dxc6 Ne4 11.c7 Qxc7 12.Nd5 Qd8 13.Nd4 Nf6 14.Bb2 Bd7 15.Qd2 Rc8
16.Nxe7+ Qxe7 17.Qxa5 Ne4 18.Rad1 b5 19.cxb5 axb5 20.Qb4 Rc5 21.a4 Ng5 22.h4 Ne4
23.axb5 Rb8 24.Qa4 f5 25.Qa7 Qe8 26.b4 Ra8 27.Qxa8 Qxa8 28.bxc5 dxc5 29.Nb3 Bxb5
30.Bxg7 Kxg7 31.Nxc5 Qa7 32.Nxe4 fxe4 33.Bxe4 Bxe2 34.Ra1 Qd4 35.Rfe1 Qxe4
36.Ra2 h6 37.Raxe2 Qd3 38.Re6 Kf7 39.Rb6 Qd4 40.Reb1 Qd3 41.Ra1 Qd7 42.Raa6 g5
43.h5  1-0

[Event "Copenhagen"]
[Site "Copenhagen"]
[Date "1983.??.??"]
[Round "2"]
[White "Plachetka, Jan"]
[Black "Hoi, Carsten"]
[Result "1/2-1/2"]
[WhiteElo "2465"]
[BlackElo "2370"]

1.d4 Nf6 2.c4 g6 3.Nf3 Bg7 4.g3 O-O 5.Bg2 d6 6.O-O Bg4 7.Nc3 Qc8 8.Bg5 Nbd7
9.Qd2 Re8 10.e4 e5 11.d5 a5 12.Ne1 Nc5 13.f3 Bd7 14.b3 Nh5 15.Nd3 b6 16.Nxc5 bxc5
17.a4 f6 18.Be3 f5 19.Qe1 f4 20.Bd2 Rf8 21.Nb5 fxg3 22.hxg3 Qd8 23.Kh2 Bf6
24.Bh3 Bxb5 25.axb5 Bg5 26.Kg2 Bxd2 27.Qxd2 Kh8 28.Bg4 Nf6 29.Be6 Qe7 30.Rxa5 Rxa5
31.Qxa5 Kg7 32.Qd2 Ra8 33.Qb2 h5 34.Ra1 Rxa1 35.Qxa1 Nh7 36.Qa7 Kh6 37.Qa5 Qg5
38.Qe1 Nf6 39.Kf1 Kg7 40.Ke2 Qh6 41.Qd2 Qh8 42.Qa5 Qd8 43.Qa7 Kh6 44.Qa1 Kg7
45.Ke3 Nh7 46.f4 h4 47.Qe1 Qf6 48.fxe5 Qxe5 49.gxh4 Qb2 50.Kd3 Qd4+ 51.Kc2 Nf6
52.Bh3 Nxe4 53.Bg2 Nf6 54.Bf3 Qf4 55.Be2 Nd7 56.Bd3 Ne5 57.Be4 Kf6 58.Kb2 Kf7
59.Ka3 Kf6 60.Ka4 Qh2 61.Ka3 Qf4 62.Ka4 Qh2 63.Ka3 Qf4  1/2-1/2

[Event "Copenhagen"]
[Site "Copenhagen"]
[Date "1983.??.??"]
[Round "7"]
[White "Plachetka, Jan"]
[Black "Mortensen, Erling"]
[Result "1/2-1/2"]
[WhiteElo "2465"]
[BlackElo "2435"]

1.d4 Nf6 2.c4 g6 3.Nf3 Bg7 4.g3 O-O 5.Bg2 d6 6.O-O Nbd7 7.Nc3 e5 8.e4 Re8
9.d5 Nc5 10.Ne1 a5 11.Nd3 Nxd3 12.Qxd3 Nh5 13.Qe2 Bd7 14.Bd2 Qc8 15.b3 f5
16.exf5 Bxf5 17.Ne4 Nf6 18.Rfc1 b6 19.a3 Nxe4 20.Bxe4 Bxe4 21.Qxe4 Qf5 22.f3 h5
23.Kg2 Kh7 24.Re1 Bh6 25.Bc3 Rf8 26.f4 exf4 27.Qxf5 Rxf5 28.Re7+ Kg8 29.Rxc7 Re8
30.Re1 f3+ 31.Kf1 Rxe1+ 32.Kxe1 f2+ 33.Kf1 Rf3 34.Bd4 Rxb3 35.Kxf2 b5 36.Rc6 Bf8
37.cxb5 Rxb5 38.Ra6 Rxd5 39.Ke3 Rb5 40.a4 Rb3+  1/2-1/2

[Event "Frunze"]
[Site "Frunze"]
[Date "1983.??.??"]
[Round "?"]
[White "Csom, Istvan"]
[Black "Tseshkovsky, Vitaly"]
[Result "1/2-1/2"]
[WhiteElo "2505"]
[BlackElo "2560"]

1.Nf3 g6 2.d4 Nf6 3.c4 Bg7 4.g3 O-O 5.Bg2 d6 6.Nc3 Nc6 7.O-O a6 8.Qd3 Bg4
9.d5 Bxf3 10.exf3 Ne5 11.Qe2 c5 12.f4 Ned7 13.a4 Re8 14.Rd1 Nf8 15.Bh3 e6
16.Be3 exd5 17.Nxd5 Nxd5 18.Rxd5  1/2-1/2

[Event "Gladsaxe"]
[Site "Gladsaxe"]
[Date "1983.??.??"]
[Round "?"]
[White "Sloth, Jorn"]
[Black "Cramling, Pia"]
[Result "1/2-1/2"]
[WhiteElo "2375"]
[BlackElo "2355"]

1.c4 g6 2.Nf3 Bg7 3.d4 d6 4.g3 Nf6 5.Bg2 O-O 6.Nc3 Nc6 7.O-O Bg4 8.d5 Na5
9.Nd2 c5 10.Qc2 e5 11.b3 a6 12.Bb2 b5 13.Rae1 Rb8 14.Nd1 Bd7 15.Bc3 Nh5 16.e4 Bh6
17.Ne3 b4 18.Bb2 Nb7 19.Bf3 Bh3 20.Bg2 Bd7 21.Qd1 a5 22.Bf3 Nf6 23.Bg2 Nh5
24.Bf3 Nf6 25.Bg2 Nh5 26.Bf3  1/2-1/2

[Event "EU-ch U20"]
[Site "Groningen"]
[Date "1983.??.??"]
[Round "10"]
[White "Schandorff, Lars"]
[Black "Howell, James C"]
[Result "1/2-1/2"]
[WhiteElo "2355"]
[BlackElo "2285"]

1.Nf3 Nf6 2.d4 g6 3.c4 Bg7 4.g3 O-O 5.Bg2 d6 6.O-O Nbd7 7.Nc3 e5 8.e4 a6
9.Re1 exd4 10.Nxd4 Ne5 11.Qe2 Rb8 12.a4 a5 13.h3 Re8 14.Be3 c6 15.Rad1 Qe7
16.f4 Ned7 17.Nb3 b6 18.Qd2 Bf8 19.Nd4 Bb7 20.Bf2 Rbc8 21.Nf3 Rcd8 22.Qc2 Nc5
23.e5 dxe5 24.Nxe5 Qc7 25.Rxd8 Rxd8 26.Rd1 Rxd1+  1/2-1/2

[Event "Poutiainen mem"]
[Site "Helsinki"]
[Date "1983.??.??"]
[Round "?"]
[White "Tukmakov, Vladimir B"]
[Black "Yrjola, Jouni"]
[Result "1-0"]
[WhiteElo "2590"]
[BlackElo "2310"]

1.d4 Nf6 2.c4 g6 3.Nf3 Bg7 4.g3 O-O 5.Bg2 d6 6.O-O Nc6 7.Nc3 a6 8.d5 Na5
9.Nd2 c5 10.Qc2 Rb8 11.b3 b5 12.Bb2 bxc4 13.bxc4 Bh6 14.Ncb1 Bg7 15.Bc3 Bd7
16.Na3 Rb4 17.Qd3 Ra4 18.Nc2 e6 19.dxe6 Bxe6 20.Ne3 Ra3 21.Bxf6 Rxd3 22.Bxd8 Rxe3
23.Bxa5 Ra3 24.Bc7 Bxa1 25.Rxa1 Rc3 26.Be4 Bf5 27.Bxd6 Rd8 28.Be5 Ra3 29.Bd5 Be6
30.e4 Re8 31.Bd6 Bxd5 32.exd5  1-0

[Event "URS-ch sf"]
[Site "Irkutsk"]
[Date "1983.??.??"]
[Round "?"]
[White "Pigusov, Evgeny"]
[Black "Tseshkovsky, Vitaly"]
[Result "1/2-1/2"]
[WhiteElo "2430"]
[BlackElo "2560"]

1.Nf3 g6 2.d4 Nf6 3.c4 Bg7 4.g3 O-O 5.Bg2 d6 6.O-O Nbd7 7.Qc2 e5 8.Rd1 Re8
9.dxe5 dxe5 10.e4 Bf8 11.h3 c6 12.Be3 Qc7 13.c5 b6 14.b4 Nh5 15.Nbd2 Ng7
16.Nb3 Ne6 17.Ng5 Nxg5 18.Bxg5 bxc5 19.bxc5 a5 20.a4 Nb8 21.Qc3 Be6 22.Nc1 Nd7
23.Nd3 Reb8 24.Rdb1 Rxb1+ 25.Rxb1 Rb8 26.Ra1 Rb3 27.Qc2 Nb8 28.Bf1 Na6 29.Nc1 Nxc5
30.Nxb3 Nxb3 31.Rb1 Nd4 32.Qd1 c5 33.Be3 h5 34.Rc1  1/2-1/2

[Event "URS-ch sf"]
[Site "Irkutsk"]
[Date "1983.??.??"]
[Round "?"]
[White "Pigusov, Evgeny"]
[Black "Vladimirov, Evgeny"]
[Result "0-1"]
[WhiteElo "2430"]
[BlackElo "2500"]

1.Nf3 Nf6 2.g3 g6 3.c4 Bg7 4.d4 O-O 5.Bg2 d6 6.O-O Nc6 7.Nc3 a6 8.d5 Na5
9.Nd2 c5 10.Rb1 Rb8 11.b4 cxb4 12.Rxb4 Bd7 13.Bb2 b5 14.cxb5 axb5 15.Qb1 Nc4
16.Nxc4 bxc4 17.Rxb8 Qxb8 18.Ba3 Qa7 19.Bb4 Rb8 20.a3 Ne8 21.Rc1 Nc7 22.Qe4 Na6
23.Nd1 Nxb4 24.axb4 c3 25.Ne3 Qa3 26.Rb1 Bf6 27.h4 Rc8 28.b5 Bf5 29.Qb4 Qb2  0-1

[Event "URS-ch sf"]
[Site "Irkutsk"]
[Date "1983.??.??"]
[Round "?"]
[White "Vladimirov, Evgeny"]
[Black "Tseshkovsky, Vitaly"]
[Result "1/2-1/2"]
[WhiteElo "2500"]
[BlackElo "2560"]

1.d4 Nf6 2.c4 g6 3.Nf3 Bg7 4.g3 O-O 5.Bg2 d6 6.O-O c5 7.Nc3 Nc6 8.d5 Na5
9.Nd2 a6 10.Qc2 e5 11.a3 Qc7 12.b4 cxb4 13.axb4 Nxc4 14.Nb5 Qd7 15.Nxc4 Qxb5
16.Ra5 Qe8 17.Nxd6 Qd8 18.Nxc8 Rxc8 19.Rc5 Rb8 20.Rd1 Ne8 21.d6 Nxd6 22.Rcd5 Qc8
23.Qxc8 Nxc8 24.Rd7 b5 25.Be3 Nb6 26.Ra7 Na4 27.Rdd7 Rbd8 28.Rxd8 Rxd8 29.Bd5 Nc3
30.Bxf7+ Kh8 31.Bg5 Rf8 32.Be7 Rb8 33.e3 Bf8 34.Bf6+ Bg7 35.Bxg7+ Kxg7 36.Bb3+ Kh8
37.Rxa6 Ne2+ 38.Kg2 Nc1 39.Bc2 Rc8 40.Be4 Rc4 41.Ra8+ Kg7 42.Ra7+ Kh8 43.f3 Rxb4
44.g4 Rb2+ 45.Kh3 Ne2 46.Rc7 b4 47.g5 Ng1+ 48.Kg3 Ne2+ 49.Kg4 Nc3 50.Bd3 Nd5
51.Rc8+ Kg7 52.Kg3 Nxe3 53.f4 Rb3 54.Rc7+ Kf8 55.Rd7 Nd1 56.Kg2 exf4 57.Be2 Rb2
58.Kf3 Nc3 59.Bc4 Rxh2 60.Rb7 Nb1 61.Be6 Rh4 62.Ke4 Nd2+ 63.Ke5 Rh2 64.Rc7 Re2+
65.Kd5  1/2-1/2

[Event "URS-ch U26"]
[Site "Jurmala"]
[Date "1983.??.??"]
[Round "?"]
[White "Kharitonov, Andrei Y"]
[Black "Majorovas, Vitalijus"]
[Result "1/2-1/2"]
[WhiteElo "2440"]
[BlackElo "2420"]

1.d4 Nf6 2.Nf3 g6 3.c4 Bg7 4.g3 O-O 5.Bg2 d6 6.O-O Nc6 7.Nc3 Bf5 8.b3 Ne4
9.Bb2 Nxc3 10.Bxc3 Be4 11.Rc1 d5 12.e3 e6 13.Qe2 Qf6 14.Rfd1 Rad8 15.Nd2 Bxg2
16.Kxg2 Rfe8 17.Qf3 Qxf3+ 18.Nxf3 Rd7 19.cxd5 exd5 20.Ne1 Nd8 21.Nd3 Ne6
22.Bb4 Bf8 23.Bxf8 Kxf8 24.Nc5 Nxc5 25.Rxc5 Ke7 26.Rdc1 Kd8 27.Kf3 Re6 28.Ra5 a6
29.Rac5 Rf6+ 30.Ke2 h5 31.h4  1/2-1/2

[Event "Lvov"]
[Site "Lvov"]
[Date "1983.??.??"]
[Round "?"]
[White "Karsa, Laszlo"]
[Black "Pirttimaki, Timo"]
[Result "1/2-1/2"]
[WhiteElo "2460"]
[BlackElo "2360"]

1.Nf3 g6 2.d4 Bg7 3.c4 Nf6 4.g3 O-O 5.Bg2 d6 6.O-O Nbd7 7.Nc3 e5 8.Qc2 c6
9.Rd1 Re8 10.dxe5 dxe5 11.e4 Qc7 12.h3 Nf8 13.Be3 Ne6 14.a3 Bd7 15.c5 Red8
16.Bf1 Bc8 17.Bc4 Rxd1+ 18.Rxd1 Bd7 19.Qd2 Bf8 20.g4 Bc8 21.Ng5 Nxg5 22.Bxg5 Be7
23.Qd3 Ne8 24.Bxe7 Qxe7 25.b4 Kf8 26.Kg2 Be6 27.Bxe6 Qxe6 28.Qd7 Qxd7 29.Rxd7 Rb8
30.b5 cxb5 31.Nxb5 Nf6 32.Rc7 Ne8 33.Rd7 Nf6  1/2-1/2

[Event "URS-ch sf"]
[Site "Minsk"]
[Date "1983.??.??"]
[Round "?"]
[White "Bagirov, Vladimir"]
[Black "Kochyev, Alexander"]
[Result "1/2-1/2"]
[WhiteElo "2500"]
[BlackElo "2475"]

1.d4 Nf6 2.c4 g6 3.Nf3 Bg7 4.g3 O-O 5.Bg2 d6 6.O-O Nbd7 7.Nc3 e5 8.e4 a6
9.Re1 exd4 10.Nxd4 Ng4 11.Rf1 Qf6 12.Nf3 Nge5 13.Nxe5 dxe5 14.Nd5 Qd8 15.Be3 c6
16.Nb6 Nxb6 17.Qxd8 Rxd8 18.Bxb6 Rd2 19.Rfd1 Rxd1+ 20.Rxd1 Bg4 21.f3 Be6
22.Bf1 Kf8 23.Kf2 Ke8 24.b3 Bf6 25.h4 Bd8 26.Be3 Be7 27.Be2 Rd8 28.Rxd8+ Kxd8
29.Bb6+ Kd7 30.Ke3 Bd6  1/2-1/2

[Event "Netanya"]
[Site "Netanya"]
[Date "1983.??.??"]
[Round "7"]
[White "Shvidler, Eliahu"]
[Black "Murrey, Jacob"]
[Result "0-1"]
[WhiteElo "2430"]
[BlackElo "2500"]

1.Nf3 g6 2.g3 Bg7 3.d4 Nf6 4.c4 O-O 5.Bg2 d6 6.O-O c6 7.Nc3 Qa5 8.Qd2 Qa6
9.b3 b5 10.cxb5 cxb5 11.a4 b4 12.Na2 Nc6 13.Nxb4 Nxb4 14.Qxb4 Be6 15.Qb5 Qxb5
16.axb5 Bxb3 17.Nd2 Bd5 18.e4 Be6 19.e5 Nd5 20.exd6 exd6 21.Ra5 Bxd4 22.b6 Nxb6
23.Bxa8 Rxa8 24.Ne4 Nc4 25.Ra4 d5 26.Ng5 a5 27.Bf4 Bf5 28.Rd1 Bc3 29.Ra2 a4
30.Rxd5 Bb1 31.Rxa4 Rxa4 32.Rd8+ Kg7 33.Rd7 Ne5 34.Rc7 Bd4 35.Bxe5+ Bxe5
36.Rxf7+ Kg8 37.Rxh7 Be4 38.f4 Bd4+ 39.Kf1 Ra1+ 40.Ke2 Ra2+ 41.Kd1 Bc2+ 42.Ke1 Bc3+
43.Ke2 Bf5+ 44.Ke3 Bg7 45.h4 Ra3+ 46.Kf2 Bg4 47.Kg2 Ra2+ 48.Kg1 Bd7  0-1

[Event "Nis"]
[Site "Nis"]
[Date "1983.??.??"]
[Round "1"]
[White "Ilic, Zoran"]
[Black "Schmidt, Wlodzimierz"]
[Result "1/2-1/2"]
[WhiteElo "2430"]
[BlackElo "2450"]

1.d4 Nf6 2.c4 g6 3.Nf3 Bg7 4.g3 O-O 5.Bg2 d6 6.Nc3 Bg4 7.O-O Qc8 8.d5 c5
9.e4 Na6 10.Bf4 Nd7 11.h3 Bxf3 12.Qxf3 Nc7 13.Qe2 a6 14.a4 b6 15.Rfe1 Rb8
16.Bf1 Re8 17.Rad1 Ne5 18.Be3 e6 19.f4 Nd7 20.dxe6 Nxe6 21.Qg2 Nd4 22.Kh2 Rb7
23.Bg1 Nb8 24.Nd5 Nbc6 25.Bd3 Qb8 26.Nc3 Nb4 27.Bb1 Nbc6 28.Kh1 Rc8 29.Bd3 Nb4
30.Bb1 Nbc6 31.Bd3 Nb4 32.Bb1  1/2-1/2

[Event "SVK-ch"]
[Site "Nova Bana"]
[Date "1983.??.??"]
[Round "11"]
[White "Tibensky, Robert"]
[Black "Kalisky, Vladimir"]
[Result "1-0"]
[WhiteElo "2240"]
[BlackElo "2200"]

1.d4 Nf6 2.c4 d6 3.Nf3 g6 4.g3 Bg7 5.Bg2 O-O 6.O-O Nbd7 7.Nc3 c6 8.e4 e5
9.h3 Re8 10.Re1 exd4 11.Nxd4 a5 12.Bf4 Ne5 13.b3 Nfd7 14.Be3 Nc5 15.Bf1 Qb6
16.Rb1 f5 17.exf5 Bxf5 18.Nxf5 gxf5 19.Na4 Qb4 20.Kg2 Ne4 21.Qc1 d5 22.c5 Nf3
23.Kxf3 Nc3 24.Nxc3 Bxc3 25.Bd3 f4 26.a3 fxe3 27.axb4 Rf8+ 28.Kg4 Bxe1 29.Qxe1 Rae8
30.fxe3 h5+ 31.Kxh5 Rf6 32.Qc3 Kf7 33.Bg6+  1-0

[Event "SWE-ch"]
[Site "?"]
[Date "1983.??.??"]
[Round "?"]
[White "Unander, Matts"]
[Black "Hammar, Bengt"]
[Result "0-1"]
[WhiteElo "2200"]
[BlackElo "2370"]

1.c4 g6 2.d4 Bg7 3.Nf3 Nf6 4.g3 O-O 5.Bg2 d6 6.Nc3 Nbd7 7.O-O e5 8.Qc2 Re8
9.Rd1 c6 10.b3 a6 11.dxe5 dxe5 12.Bb2 Qc7 13.e4 a5 14.a3 Bf8 15.Na4 Nc5 16.Nxc5 Bxc5
17.h3 Nh5 18.Kh2 f6 19.Ne1 Be6 20.Nd3 Bf8 21.Kg1 a4 22.bxa4 Qa5 23.g4 Ng7
24.g5 fxg5 25.Nxe5 Qxa4 26.Qc3 Nh5 27.Bf3 Qa5 28.Qe3 Bg7 29.Bc3 Qc7 30.Ng4 Bxc3
31.Qxc3 Qg7 32.Qxg7+ Kxg7 33.Be2 Nf4 34.Bf1 Re7 35.f3 Ra4 36.c5 Ra5 37.Rdc1 Bxg4
38.hxg4 Ne6 39.Rc3 Nxc5 40.Rb1 h5 41.gxh5 gxh5 42.Bh3 Kf6 43.Bc8 Ke5 44.Rbc1 Kd6
45.Rd1+ Kc7 46.Bf5 g4 47.Kg2 gxf3+ 48.Kxf3 Ne6 49.Rcd3 Re5 50.Rh1 Ng7 51.Kf4 Ra5
52.Rhd1 Nxf5 53.exf5 Rf7 54.Kg3 Rfxf5 55.Re1 Rf7 56.Kh4 Rc5 57.Kg3 Rc4 58.Re5 h4+
59.Kh3 Rg7 60.Ree3 b5  0-1

[Event "SWE-ch"]
[Site "?"]
[Date "1983.??.??"]
[Round "?"]
[White "Renman, Nils Gustaf"]
[Black "Hammar, Bengt"]
[Result "1/2-1/2"]
[WhiteElo "2405"]
[BlackElo "2370"]

1.d4 Nf6 2.Nf3 g6 3.c4 Bg7 4.g3 O-O 5.Bg2 d6 6.O-O Nbd7 7.Nc3 e5 8.e4 c6
9.h3 Ne8 10.Be3 Qe7 11.Qd2 f5 12.exf5 gxf5 13.dxe5 dxe5 14.Rfe1 Qf7 15.Bh6 e4
16.Nh4 Ne5 17.b3 Nd3 18.Bxg7 Qxg7 19.Re3 Ne5 20.Rd1 Nc7 21.Kh2 Ng6 22.Nxg6 hxg6
23.f3 exf3 24.Rxf3 Be6 25.Qg5 Rae8 26.Rd6 Bf7 27.Qd2 Ne6 28.Re3 Qh6 29.Ne2 Rd8
30.Red3 Qxd2 31.Rxd2 Rxd6 32.Rxd6 Rd8 33.Rxd8+ Nxd8 34.Kg1 Kg7 35.Kf2 Kf6
36.Ke3 a5 37.Nf4 g5 38.Nd3 Ne6 39.Bf3  1/2-1/2

[Event "URS-FL"]
[Site "Tallinn"]
[Date "1983.??.??"]
[Round "?"]
[White "Kharitonov, Andrei Y"]
[Black "Petrushin, Alexander I"]
[Result "1-0"]
[WhiteElo "2440"]
[BlackElo "2415"]

1.d4 Nf6 2.Nf3 g6 3.c4 Bg7 4.g3 O-O 5.Bg2 d6 6.O-O Nbd7 7.Nc3 e5 8.e4 exd4
9.Nxd4 Re8 10.Re1 Ng4 11.h3 Nge5 12.b3 Nc5 13.Be3 c6 14.Qc2 g5 15.Rad1 g4
16.hxg4 Nxg4 17.Bc1 Qb6 18.Nce2 a5 19.Nf4 a4 20.Nh5 axb3 21.Nxb3 Be5 22.Bf4 Na6
23.Qd2 Kh8 24.Bxe5+ dxe5 25.Bf3 Rg8 26.Kg2 c5 27.Qb2 f6 28.Rd2 Qe6 29.Rh1 Qe7
30.Rh4 Nb4 31.Nxc5 Qxc5 32.Bxg4 Bxg4 33.Nxf6 Rg7 34.Nxg4 Nc6 35.Rd5 Qxc4
36.Nxe5 Qxa2 37.Nf7+ Kg8 38.Nh6+ Kh8 39.Qf6 Qa1 40.Rd8+  1-0

[Event "URS-FL"]
[Site "Tallinn"]
[Date "1983.??.??"]
[Round "?"]
[White "Kharitonov, Andrei Y"]
[Black "Yurtaev, Leonid"]
[Result "1/2-1/2"]
[WhiteElo "2440"]
[BlackElo "2360"]

1.d4 Nf6 2.c4 d6 3.Nf3 g6 4.g3 Bg7 5.Bg2 O-O 6.O-O Nc6 7.Nc3 a6 8.d5 Na5
9.Nd2 c5 10.Qc2 Rb8 11.b3 b5 12.Bb2 bxc4 13.bxc4 Bh6 14.f4 e5 15.Rae1 exf4
16.gxf4 Nh5 17.e3 Bg7 18.Nd1 Bf5 19.Be4 Bxb2 20.Nxb2 Qf6 21.Nd3 Rfe8 22.Bxf5 Qxf5
23.e4 Qg4+ 24.Kh1 Ng3+ 25.hxg3 Qh3+ 26.Kg1 Qxg3+ 27.Kh1 Qh3+ 28.Kg1 Qg3+
29.Kh1  1/2-1/2

[Event "Warsaw"]
[Site "Warsaw"]
[Date "1983.??.??"]
[Round "10"]
[White "Dorfman, Josif D"]
[Black "Georgiev, Krum"]
[Result "1-0"]
[WhiteElo "2540"]
[BlackElo "2440"]

1.d4 Nf6 2.c4 g6 3.Nf3 Bg7 4.g3 O-O 5.Bg2 d6 6.O-O c6 7.Nc3 a6 8.e4 b5 9.e5 Ne8
10.Qe2 bxc4 11.Qxc4 a5 12.Re1 Be6 13.Qa4 Nc7 14.Bg5 Qd7 15.Rad1 Ra7 16.Nd2 Rb7
17.Nb3 Rb4 18.Qxa5 Nba6 19.Ne4 Rfb8 20.Bf1 Ra8 21.Bxe7 Qxe7 22.exd6 Qd8 23.dxc7 Qxc7
24.Qg5 Qc8 25.Rc1 Rb6 26.Bc4 Nc7 27.Qe3 Qb8 28.Nec5 Bxc4 29.Rxc4 Nd5 30.Qe2 Qc8
31.Ra4 Rab8 32.Ra7 Nc7 33.Qe7  1-0

[Event "Yerevan op"]
[Site "Yerevan"]
[Date "1983.??.??"]
[Round "2"]
[White "Sadriev, T."]
[Black "Yuneev, Alexey"]
[Result "0-1"]
[WhiteElo "2200"]
[BlackElo "2345"]

1.d4 Nf6 2.c4 g6 3.g3 Bg7 4.Bg2 O-O 5.Nf3 d6 6.O-O Nbd7 7.Nc3 e5 8.Qc2 Re8
9.e4 c6 10.Rd1 Qe7 11.b3 exd4 12.Nxd4 Nc5 13.f3 a5 14.Rb1 Nfd7 15.Bf4 a4
16.Qc1 axb3 17.axb3 Ne5 18.Bh6 Bh8 19.b4 Ne6 20.Nce2 Ra2 21.h3 Nxd4 22.Nxd4 c5
23.Nb5 Bxh3 24.Bh1 Qf6 25.Qf4 Nxc4 26.Qxf6 Bxf6 27.Rbc1 Nb2 28.Rxd6 Be5 29.Rd2 cxb4
30.f4 Bc3 31.Nxc3 bxc3 32.Rxc3 Na4 33.Rcd3 Rxd2 34.Rxd2 b5 35.Kh2 Bg4 36.e5 Nc3
37.Bg5 b4 38.Rb2 Rb8 39.Be7 b3 40.Bd6 Rb5 41.Bc6 Rb6 42.Bg2  0-1

[Event "Yerevan op"]
[Site "Yerevan"]
[Date "1983.??.??"]
[Round "4"]
[White "Trotsenko, Evgenia"]
[Black "Hlusevich, S."]
[Result "1-0"]
[WhiteElo "2200"]
[BlackElo "2200"]

1.d4 Nf6 2.c4 g6 3.Nf3 Bg7 4.g3 O-O 5.Bg2 d6 6.O-O Nbd7 7.Qc2 e5 8.Rd1 Re8
9.dxe5 dxe5 10.e4 Qe7 11.h3 c6 12.Be3 Nc5 13.Nc3 a5 14.Rd2 Bf8 15.Rad1 Qc7
16.b3 b6 17.a3 a4 18.b4 Nb3 19.Re2 Be6 20.Nxa4 Rxa4 21.Qxb3 b5 22.Nd2 Rea8
23.Qc2 Qb7 24.cxb5 Qxb5 25.Nb1 Bb3 26.Qxb3 Qxe2 27.Bg5 Ne8 28.Bf1 Qh5 29.Rd7 Nd6
30.f4 exf4 31.Bxf4 R4a7 32.Rxd6 Bxd6 33.Bxd6 Qg5 34.Bf4 Qe7 35.Qc3 g5 36.Bc1 Qxe4
37.Bb2 Kf8 38.Nd2 Qg6 39.Bd3 Qe6 40.Ne4 h6 41.Qh8+ Ke7 42.Bf6+  1-0

[Event "OHRA"]
[Site "Amsterdam"]
[Date "1984.??.??"]
[Round "1"]
[White "Portisch, Lajos"]
[Black "Sznapik, Aleksander"]
[Result "1-0"]
[WhiteElo "2640"]
[BlackElo "2445"]

1.d4 Nf6 2.c4 g6 3.Nf3 Bg7 4.g3 O-O 5.Bg2 d6 6.Nc3 Bg4 7.h3 Bxf3 8.Bxf3 Nc6
9.e3 Nd7 10.Bg2 e5 11.d5 Ne7 12.e4 f5 13.h4 Nf6 14.Bg5 h6 15.Bxf6 Bxf6 16.h5 Bg5
17.hxg6 f4 18.Bh3 Kg7 19.Ne2 c6 20.Qb3 Qa5+ 21.Qc3 Qxc3+ 22.bxc3 c5 23.Rb1 b6
24.Bg4 Nxg6 25.Ng1 Ne7 26.Nf3 fxg3 27.fxg3 Bf6 28.Ke2 Rh8 29.Rh5 Rag8 30.Be6 Rf8
31.Rbh1 Rb8 32.a4 a6 33.Rb1 Rb7 34.Kd3 Ng6 35.Rh2 Rf8 36.Rhb2 Rfb8 37.Ke2 Bd8
38.Ke3 Bf6 39.Kd3 Bd8 40.Bf5 Rf7 41.Rf1 Rfb7 42.Rg2 Bf6 43.Nh4 Ne7 44.Be6 Rf8
45.Rgf2 Rbb8 46.Ng2 Kg6 47.Ne3 h5 48.g4 h4 49.g5 Bg7 50.Bf5+ Nxf5 51.Nxf5  1-0

[Event "URS-ch sf"]
[Site "Barnaul"]
[Date "1984.??.??"]
[Round "?"]
[White "Kharitonov, Andrei Y"]
[Black "Gulko, Boris F"]
[Result "1/2-1/2"]
[WhiteElo "2455"]
[BlackElo "2470"]

1.d4 Nf6 2.Nf3 g6 3.c4 Bg7 4.g3 O-O 5.Bg2 d6 6.O-O Nc6 7.Nc3 Bf5 8.b3 Ne4
9.Bb2 Nxc3 10.Bxc3 Be4 11.Rc1 d5 12.e3 Re8 13.Qe2 Qd6 14.Rfd1 Rad8 15.cxd5 Qxd5
16.Ne1 Bxg2 17.Nxg2 e6 18.Nf4 Qf5 19.Nd3  1/2-1/2